'Stan' Country Flags - Statistics

General Stats
  • This quiz has been taken 97 times
  • The average score is 7 of 7
Answer Stats
Picture Answer % Correct
Pakistan
100%
Turkmenistan
96%
Kazakhstan
94%
Uzbekistan
94%
Afghanistan
93%
Kyrgyzstan
93%
Tajikistan
90%
No matching quizzes found
Score Distribution
Percent of People with Each Score
Percentile by Number Answered
Your Score History
You have not taken this quiz